000 00255nam a2200097Ia 4500
001 1045096
005 20250826232152.0
008 250824s9999 xx 000 0 und d
245 0 _aAKILLI TÜRK MAKUL TARİH
_cİHSAN FAZLIOĞLU
260 _bKETEBE YAYINLARI
999 _c1045096
_d1045096